[Event "La Plagne Soleil op"]
[Site "La Plagne"]
[Date "2025.07.11"]
[Round "9"]
[White "Droin, Augustin"]
[Black "Risteski, Emil"]
[Result "1/2-1/2"]
[WhiteElo "2488"]
[BlackElo "2374"]
[PlyCount "156"]
[EventDate "2025.07.05"]
[EventType "swiss"]
[EventRounds "9"]
[EventCountry "FRA"]
[SourceTitle "CB29_2025"]
[SourceDate "2025.07.16"]
[SourceVersion "1"]
[SourceVersionDate "2025.07.16"]
[SourceQuality "1"]

1. e4 c5 2. Nf3 Nc6 3. Bb5 Nf6 4. Bxc6 dxc6 5. d3 Qc7 6. a4 e5 7. h3 Be7 8. Nbd2 Be6 9. Ng5 Bc8 10. Nc4 h6 11. Nf3 Be6 12. b3 Nd7 13. Bb2 Bf6 14. Qd2 0-0 15. g4 b5 16. Ne3 c4 17. bxc4 bxc4 18. Ba3 Rfe8 19. h4 Be7 20. Bxe7 Rxe7 21. Qc3 cxd3 22. cxd3 Rb8 23. Nd2 Qd6 24. Rc1 Nf8 25. Ndc4 Bxc4 26. Nf5 Qd8 27. dxc4 Rd7 28. Qxe5 f6 29. Qh2 Qa5+ 30. Kf1 Rb2 31. Kg1 Qxa4 32. Qg3 Rb3 33. Ne3 Qa3 34. Kh2 Rd2 35. Rhe1 Qc5 36. Rb1 Rbb2 37. Rxb2 Rxb2 38. g5 hxg5 39. hxg5 Qxg5 40. Qxg5 fxg5 41. Kg3 Nd7 42. Ra1 Nc5 43. e5 Kf7 44. Rxa7+ Ke6 45. Rxg7 Kxe5 46. Rxg5+ Kd4 47. Rf5 Ne4+ 48. Kg2 Rxf2+ 49. Rxf2 Kxe3 50. Rf8 Kd3 51. Kf3 Ng5+ 52. Kg4 Ne6 53. Rc8 Nd4 54. Kf4 Kxc4 55. Ke5 Kc5 56. Rd8 Nb5 57. Rd2 Kb6 58. Ke6 Kc7 59. Rd3 Na7 60. Rd7+ Kb6 61. Rd8 Kc7 62. Rh8 Nb5 63. Rh7+ Kb6 64. Kd7 c5 65. Rh6+ Ka5 66. Kc6 Kb4 67. Rh1 Nd4+ 68. Kd5 Nb3 69. Rh4+ Kc3 70. Rg4 Nd2 71. Kxc5 Kd3 72. Kd5 Ke3 73. Rg8 Nf3 74. Ra8 Kf4 75. Re8 Ng5 76. Rf8+ Ke3 77. Rf5 Nf3 78. Rxf3+ Kxf3 1/2-1/2

[Event "La Plagne Soleil op"]
[Site "La Plagne"]
[Date "2025.07.09"]
[Round "7"]
[White "Droin, Augustin"]
[Black "Czopor, Maciej"]
[Result "1/2-1/2"]
[WhiteElo "2488"]
[BlackElo "2423"]
[PlyCount "106"]
[EventDate "2025.07.05"]
[EventType "swiss"]
[EventRounds "9"]
[EventCountry "FRA"]
[SourceTitle "CB29_2025"]
[SourceDate "2025.07.16"]
[SourceVersion "1"]
[SourceVersionDate "2025.07.16"]
[SourceQuality "1"]

1. e4 c5 2. Nf3 d6 3. d4 cxd4 4. Nxd4 Nf6 5. Nc3 Nc6 6. g3 g6 7. Nxc6 bxc6 8. e5 dxe5 9. Qxd8+ Kxd8 10. Bg2 Kc7 11. 0-0 Bg7 12. Re1 Nd7 13. Nb5+ Kb7 14. a4 Nb8 15. f4 a6 16. Nc3 Bf5 17. fxe5 Nd7 18. Bf4 h6 19. g4 Bxg4 20. b4 g5 21. Bg3 Rhc8 22. b5 axb5 23. axb5 Rxa1 24. bxc6+ Rxc6 25. Rxa1 Nxe5 26. Rb1+ Kc8 27. Bxe5 Bxe5 28. Bxc6 Bxc3 29. Kg2 Kc7 30. Bf3 Be6 31. h3 Kd6 32. Rb6+ Ke5 33. Rb7 Kd6 34. Rb6+ Kc5 35. Rc6+ Kd4 36. Rc7 Bb4 37. c3+ Bxc3 38. Rxe7 Ke5 39. Bg4 f5 40. Bh5 Bb4 41. Rxe6+ Kxe6 42. Kf3 Bd6 43. Bg6 Kf6 44. Be8 Be5 45. Kg2 g4 46. hxg4 fxg4 47. Bh5 Kg5 48. Bxg4 Kxg4 49. Kh1 h5 50. Kg1 h4 51. Kh1 h3 52. Kg1 Kg3 53. Kh1 Bd4 1/2-1/2

[Event "La Plagne Soleil op"]
[Site "La Plagne"]
[Date "2025.07.08"]
[Round "5"]
[White "Droin, Augustin"]
[Black "Carnicelli, Valerio"]
[Result "1/2-1/2"]
[WhiteElo "2488"]
[BlackElo "2396"]
[PlyCount "168"]
[EventDate "2025.07.05"]
[EventType "swiss"]
[EventRounds "9"]
[EventCountry "FRA"]
[SourceTitle "CB29_2025"]
[SourceDate "2025.07.16"]
[SourceVersion "1"]
[SourceVersionDate "2025.07.16"]
[SourceQuality "1"]

1. e4 d6 2. d4 Nf6 3. Nc3 e5 4. Nf3 Nbd7 5. Bc4 Be7 6. 0-0 0-0 7. Re1 c6 8. a4 h6 9. h3 Re8 10. Ba2 exd4 11. Nxd4 Bf8 12. Bf4 Nc5 13. e5 dxe5 14. Bxe5 Ncd7 15. Bf4 Rxe1+ 16. Qxe1 Qb6 17. Be3 Qa5 18. Qe2 Qh5 19. Qxh5 Nxh5 20. Rd1 Nhf6 21. Nf5 Nb6 22. Nd6 Bxd6 23. Rxd6 Bf5 24. Bb3 Nbd5 25. Nxd5 Nxd5 26. Bc5 Be6 27. a5 a6 28. c4 Nf6 29. Rd4 Nd7 30. Bd6 b5 31. axb6 Nxb6 32. c5 Nd5 33. Ba4 Rc8 34. g4 Nf6 35. f3 Bd5 36. Kf2 Ne8 37. Bg3 Nc7 38. Bxc7 Rxc7 39. Rb4 g5 40. Bb3 Kg7 41. Bc2 a5 42. Rb6 Kf6 43. Ke3 Ke5 44. Rb8 Re7 45. Bf5 h5 46. Be4 h4 47. Rg8 Kf6 48. Rc8 Ke5 49. Rb8 a4 50. Rg8 Bxe4 51. fxe4 Rb7 52. Rxg5+ Ke6 53. Rh5 Rb3+ 54. Kf4 Rxb2 55. Rxh4 Rb5 56. Rh8 Ra5 57. Re8+ Kd7 58. Rb8 a3 59. Rb1 Ke6 60. Ra1 a2 61. g5 Ra4 62. h4 f5 63. gxf6 Kxf6 64. h5 Ra5 65. e5+ Ke6 66. h6 Ra3 67. Kg4 Ra4+ 68. Kg5 Ra3 69. h7 Rh3 70. Kg6 Rg3+ 71. Kh6 Rh3+ 72. Kg6 Rg3+ 73. Kh6 Rh3+ 74. Kg7 Rg3+ 75. Kf8 Rh3 76. Kg8 Rg3+ 77. Kf8 Rh3 78. Rxa2 Rxh7 79. Rd2 Rh8+ 80. Kg7 Rh3 81. Rd6+ Kxe5 82. Rxc6 Kd5 83. Rh6 Rxh6 84. Kxh6 Kxc5 1/2-1/2

[Event "La Plagne Soleil op"]
[Site "La Plagne"]
[Date "2025.07.07"]
[Round "4"]
[White "Droin, Augustin"]
[Black "Szabo, Bence"]
[Result "1-0"]
[WhiteElo "2488"]
[BlackElo "2325"]
[PlyCount "73"]
[EventDate "2025.07.05"]
[EventType "swiss"]
[EventRounds "9"]
[EventCountry "FRA"]
[SourceTitle "CB29_2025"]
[SourceDate "2025.07.16"]
[SourceVersion "1"]
[SourceVersionDate "2025.07.16"]
[SourceQuality "1"]

1. e4 c6 2. Nf3 d5 3. Nc3 Bg4 4. h3 Bxf3 5. Qxf3 e6 6. d4 dxe4 7. Nxe4 Qxd4 8. c3 Qd5 9. Bg5 f5 10. Nd2 Nf6 11. Bxf6 Qxf3 12. Nxf3 gxf6 13. Bc4 e5 14. 0-0-0 Na6 15. Rhe1 Rd8 16. Nd4 Bc5 17. Ne6 Rxd1+ 18. Rxd1 Ke7 19. Ng7 Bxf2 20. Nxf5+ Ke8 21. Be2 Kf7 22. Bh5+ Ke6 23. Bg4 Bc5 24. b4 Bf8 25. Ng3+ Kf7 26. Rd7+ Kg6 27. Rxb7 h5 28. Be2 Bh6+ 29. Kc2 Nb8 30. h4 f5 31. Bxh5+ Kf6 32. Rf7+ Ke6 33. Nxf5 Nd7 34. g4 Nf6 35. Re7+ Kd5 36. Bf7+ Ke4 37. Nxh6 1-0

[Event "FRA-ch Rapid"]
[Site "Saint Maur des Fosses"]
[Date "2025.06.14"]
[Round "7"]
[White "Chabanon, Jean Luc"]
[Black "Droin, Augustin"]
[Result "0-1"]
[WhiteElo "2326"]
[BlackElo "2513"]
[PlyCount "103"]
[EventDate "2025.06.14"]
[EventType "swiss"]
[EventRounds "9"]
[EventCountry "FRA"]
[SourceTitle "CB25_2025"]
[SourceDate "2025.06.18"]
[SourceVersion "1"]
[SourceVersionDate "2025.06.18"]
[SourceQuality "1"]

1. d4 d5 2. c4 e6 3. Nc3 Nf6 4. cxd5 exd5 5. Bg5 c6 6. e3 Bd6 7. Bd3 h6 8. Bh4 0-0 9. Nge2 Re8 10. Qc2 a5 11. Bg3 Na6 12. a3 Nc7 13. 0-0 Ne6 14. Rad1 b5 15. Bxd6 Qxd6 16. Ng3 Bd7 17. f3 b4 18. Nf5 Qf8 19. axb4 axb4 20. Na4 Rab8 21. b3 Rec8 22. Rc1 g6 23. Ng3 h5 24. Nc5 Nxc5 25. Qxc5 Qh6 26. Rce1 h4 27. Nh1 Qf8 28. Qxf8+ Kxf8 29. Ra1 c5 30. dxc5 Rxc5 31. Nf2 Rc3 32. Rab1 Ra8 33. Rb2 Bf5 34. Bxf5 gxf5 35. Nd1 Rc1 36. Rd2 Ra3 37. Nf2 Rxf1+ 38. Kxf1 Rxb3 39. Nd3 Ke7 40. Ke2 Kd6 41. Rc2 Nd7 42. Ra2 Nc5 43. Nxc5 Kxc5 44. Kd2 Kc4 45. Ra7 Rb2+ 46. Kc1 Rxg2 47. Rxf7 Rxh2 48. Rxf5 Kc3 49. Kd1 b3 50. Rxd5 b2 51. Rb5 Rh1+ 52. Ke2 0-1

[Event "FRA-ch Rapid"]
[Site "Saint Maur des Fosses"]
[Date "2025.06.14"]
[Round "2"]
[White "Droin, Augustin"]
[Black "Thill Solente, Gabriel"]
[Result "1-0"]
[WhiteElo "2513"]
[BlackElo "2122"]
[PlyCount "65"]
[EventDate "2025.06.14"]
[EventType "swiss"]
[EventRounds "9"]
[EventCountry "FRA"]
[SourceTitle "CB25_2025"]
[SourceDate "2025.06.18"]
[SourceVersion "1"]
[SourceVersionDate "2025.06.18"]
[SourceQuality "1"]

1. e4 c5 2. Nf3 d6 3. d4 cxd4 4. Nxd4 Nf6 5. Nc3 g6 6. Be3 Bg7 7. f3 0-0 8. Qd2 Nc6 9. 0-0-0 Bd7 10. Kb1 Rc8 11. h4 h5 12. Be2 Ne5 13. Bg5 Rc5 14. Nb3 Nc4 15. Bxc4 Rxc4 16. e5 Ne8 17. Nd5 f6 18. exf6 exf6 19. Bh6 Bf5 20. Ne3 Bxh6 21. Qd5+ Kh7 22. Nxc4 Qc8 23. Rhe1 Qc7 24. Nd4 Ng7 25. Nxf5 Nxf5 26. g4 Nxh4 27. gxh5 Ng2 28. hxg6+ Kg7 29. Rg1 Nf4 30. Qxd6 Rc8 31. Qxc7+ Rxc7 32. Nd6 Bg5 33. Ne8+ 1-0

[Event "FRA-ch Rapid"]
[Site "Saint Maur des Fosses"]
[Date "2025.06.14"]
[Round "3"]
[White "Vallee, Louis"]
[Black "Droin, Augustin"]
[Result "0-1"]
[WhiteElo "2265"]
[BlackElo "2513"]
[PlyCount "120"]
[EventDate "2025.06.14"]
[EventType "swiss"]
[EventRounds "9"]
[EventCountry "FRA"]
[SourceTitle "CB25_2025"]
[SourceDate "2025.06.18"]
[SourceVersion "1"]
[SourceVersionDate "2025.06.18"]
[SourceQuality "1"]

1. d4 d5 2. c4 e6 3. Nc3 Nf6 4. cxd5 exd5 5. Bg5 c6 6. e3 Bd6 7. Bd3 h6 8. Bh4 0-0 9. Nf3 Be6 10. Ne5 c5 11. Qf3 Be7 12. dxc5 Nc6 13. Nxc6 bxc6 14. h3 Rb8 15. b3 Rb4 16. Bg3 Nd7 17. Rc1 Nxc5 18. Bb1 a5 19. 0-0 Qb6 20. Be5 Nd7 21. Bd4 Qb8 22. Na4 Rc8 23. Bc3 Rb5 24. Bd3 Ba3 25. Bxb5 Qxb5 26. Rcd1 Be7 27. e4 Nf6 28. exd5 cxd5 29. Qg3 Kh8 30. Rfe1 Rg8 31. Qd3 Qb8 32. Bxa5 Ne4 33. Bc3 Rc8 34. Bd4 Bb4 35. Rf1 Bd7 36. Rc1 Re8 37. Nb6 Be6 38. a4 Qd8 39. Bxg7+ Kxg7 40. Qd4+ Kh7 41. Qxb4 Rg8 42. Kh2 Qg5 43. g3 Qf5 44. Kg2 Qxh3+ 45. Kf3 Qf5+ 46. Ke3 Qg5+ 47. Kd3 Nxf2+ 48. Kc3 Qe3+ 49. Kc2 Bf5+ 50. Kb2 Nd3+ 51. Ka3 Nxb4 52. Rxf5 Qxc1+ 53. Kxb4 Qd2+ 54. Ka3 Qc1+ 55. Kb4 Qd2+ 56. Ka3 Rxg3 57. Rxd5 Qe3 58. Rb5 Rg1 59. a5 Ra1+ 60. Kb4 Qd2+ 0-1

[Event "Wch U18"]
[Site "Florianopolis"]
[Date "2024.10.31"]
[Round "3"]
[White "Droin, Augustin"]
[Black "Jogi, Henry"]
[Result "1-0"]
[WhiteElo "2482"]
[BlackElo "1969"]
[PlyCount "67"]
[EventDate "2024.10.29"]
[EventType "swiss"]
[EventRounds "11"]
[EventCountry "BRA"]
[SourceTitle "CB45_2024"]
[Source "ChessBase"]
[SourceDate "2024.11.06"]
[SourceVersion "1"]
[SourceVersionDate "2024.11.06"]
[SourceQuality "1"]

1. e4 c6 2. d4 d5 3. e5 Bf5 4. g4 Bd7 5. Nc3 e6 6. Be3 h5 7. gxh5 Nh6 8. Qd2 Nf5 9. Bg5 Qa5 10. Nf3 c5 11. dxc5 Bxc5 12. Bh3 Bb4 13. Bxf5 exf5 14. h6 gxh6 15. Bf6 Rg8 16. Nd4 Rg4 17. Nb3 Qc7 18. 0-0-0 Bxc3 19. bxc3 Bc6 20. Qxh6 Nd7 21. Qh8+ Nf8 22. Rd2 Rc8 23. Bg7 Ke7 24. Bxf8+ Rxf8 25. Qf6+ Ke8 26. f3 Rg6 27. Qh4 Qe7 28. Qf2 b6 29. Kb2 Rfg8 30. Rd4 Qc7 31. Qe3 Rg2 32. h4 Qe7 33. Rd2 R2g6 34. h5 1-0

[Event "Titled Tuesday intern op 20th Aug Early"]
[Site "Chess.com INT"]
[Date "2024.08.20"]
[Round "1"]
[White "Droin, Augustin"]
[Black "Topalov, Aleksandar"]
[Result "1-0"]
[WhiteElo "2472"]
[BlackElo "2233"]
[PlyCount "63"]
[EventDate "2024.08.20"]
[EventType "swiss (blitz)"]
[EventRounds "11"]
[EventCountry "USA"]
[SourceTitle "EXT 2025"]
[Source "ChessBase"]
[SourceDate "2024.10.14"]
[SourceVersion "1"]
[SourceVersionDate "2024.10.14"]
[SourceQuality "1"]

1. e4 e6 2. d4 d5 3. exd5 exd5 4. Nf3 Bd6 5. c4 Nf6 6. c5 Be7 7. Nc3 0-0 8. Be2 b6 9. Be3 bxc5 10. dxc5 Na6 11. Na4 Rb8 12. 0-0 Ne4 13. Rc1 Bf6 14. Nd4 Bb7 15. Re1 Nb4 16. a3 Nc6 17. b4 Nxd4 18. Bxd4 Bc6 19. Nc3 Nxc3 20. Rxc3 Re8 21. Rc1 a5 22. Rb1 axb4 23. axb4 Bb5 24. Bxf6 gxf6 25. Bxb5 Rxe1+ 26. Qxe1 Rxb5 27. Qe2 c6 28. Qg4+ Kh8 29. h4 Qe8 30. h5 h6 31. Qf4 Kg7 32. Rb3 1-0

[Event "Leca da Palmeira op 3rd"]
[Site "Leca da Palmeira"]
[Date "2024.08.04"]
[Round "7"]
[White "Droin, Augustin"]
[Black "Nazari, Arad"]
[Result "1/2-1/2"]
[WhiteElo "2472"]
[BlackElo "2389"]
[PlyCount "72"]
[EventDate "2024.07.31"]
[EventType "swiss"]
[EventRounds "9"]
[EventCountry "POR"]
[SourceTitle "EXT 2025"]
[Source "ChessBase"]
[SourceDate "2024.10.14"]
[SourceVersion "1"]
[SourceVersionDate "2024.10.14"]
[SourceQuality "1"]

1. e4 c5 2. Nf3 d6 3. d4 cxd4 4. Nxd4 Nf6 5. Nc3 a6 6. a3 e5 7. Nf5 d5 8. Bg5 d4 9. Bxf6 gxf6 10. Nb1 Bxf5 11. exf5 Qd5 12. Qd3 Qa5+ 13. c3 Nc6 14. Be2 dxc3 15. Nxc3 Rd8 16. Qh3 Bb4 17. 0-0 Bxc3 18. bxc3 Qc5 19. Rab1 Rd7 20. Rfd1 Rxd1+ 21. Bxd1 Na5 22. Qh4 Ke7 23. Qb4 Qxb4 24. axb4 Nc4 25. g4 Rc8 26. Rc1 Nd2 27. f3 e4 28. fxe4 Kd6 29. Rc2 Nxe4 30. c4 Ke5 31. Bf3 Rd8 32. c5 Rd4 33. Rb2 Rc4 34. Kg2 Kf4 35. h3 Rd4 36. Bxe4 Rxe4 1/2-1/2

[Event "Leca da Palmeira op 3rd"]
[Site "Leca da Palmeira"]
[Date "2024.08.01"]
[Round "2"]
[White "Droin, Augustin"]
[Black "Wang, Minqing"]
[Result "1-0"]
[WhiteElo "2472"]
[BlackElo "1931"]
[PlyCount "59"]
[EventDate "2024.07.31"]
[EventType "swiss"]
[EventRounds "9"]
[EventCountry "POR"]
[SourceTitle "EXT 2025"]
[Source "ChessBase"]
[SourceDate "2024.10.14"]
[SourceVersion "1"]
[SourceVersionDate "2024.10.14"]
[SourceQuality "1"]

1. e4 d6 2. d4 g6 3. Nc3 Bg7 4. f4 Nd7 5. Nf3 c5 6. Be3 Qa5 7. Qd2 cxd4 8. Bxd4 Ngf6 9. e5 dxe5 10. fxe5 Ng4 11. e6 Nde5 12. Nxe5 Bxe5 13. Bb5+ Kf8 14. Bxe5 Nxe5 15. Qh6+ Kg8 16. exf7+ Nxf7 17. Qe3 e5 18. 0-0-0 Be6 19. a3 Kg7 20. Bd7 Bc4 21. Ne4 Rad8 22. h4 Qc7 23. h5 Rhf8 24. Qh3 Qb6 25. Rd2 Nh6 26. Rd6 Qa5 27. hxg6 Rf1+ 28. Rxf1 Bxf1 29. b4 Bxg2 30. Qc3 1-0

[Event "Titled Tuesday intern op 09th Jul Early"]
[Site "Chess.com INT"]
[Date "2024.07.09"]
[Round "6"]
[White "Droin, Augustin"]
[Black "D'Arruda, Ricardo D"]
[Result "1-0"]
[WhiteElo "2472"]
[BlackElo "2271"]
[PlyCount "79"]
[EventDate "2024.07.09"]
[EventType "swiss (blitz)"]
[EventRounds "11"]
[EventCountry "USA"]
[SourceTitle "EXT 2025"]
[Source "ChessBase"]
[SourceDate "2024.10.14"]
[SourceVersion "1"]
[SourceVersionDate "2024.10.14"]
[SourceQuality "1"]

1. e4 c5 2. Nf3 Nc6 3. Bb5 g6 4. 0-0 Bg7 5. Re1 e5 6. Bxc6 bxc6 7. d3 d6 8. h3 Ne7 9. a3 0-0 10. Nbd2 h6 11. b4 cxb4 12. axb4 Be6 13. Nc4 Qc7 14. Bd2 f5 15. exf5 gxf5 16. Bc3 Nd5 17. Bb2 Nxb4 18. Ba3 c5 19. c3 Nc6 20. Nfd2 Rfe8 21. Qh5 d5 22. Ne3 Ne7 23. c4 d4 24. Nd5 Nxd5 25. cxd5 Bxd5 26. Qxf5 Rf8 27. Qg4 Rac8 28. Qg3 Rfe8 29. Ne4 Bxe4 30. Rxe4 Qb7 31. Rg4 Kh7 32. Bc1 Rc6 33. Kh2 Re7 34. h4 Rf7 35. h5 Qb8 36. Rg6 Qc7 37. Rxa7 Qxa7 38. Rxc6 Rf5 39. Qg6+ Kh8 40. Qxf5 1-0

[Event "Titled Tuesday intern op 09th Jul Early"]
[Site "Chess.com INT"]
[Date "2024.07.09"]
[Round "7"]
[White "Fieberg, Samuel"]
[Black "Droin, Augustin"]
[Result "0-1"]
[WhiteElo "2186"]
[BlackElo "2472"]
[PlyCount "130"]
[EventDate "2024.07.09"]
[EventType "swiss (blitz)"]
[EventRounds "11"]
[EventCountry "USA"]
[SourceTitle "EXT 2025"]
[Source "ChessBase"]
[SourceDate "2024.10.14"]
[SourceVersion "1"]
[SourceVersionDate "2024.10.14"]
[SourceQuality "1"]

1. e4 e5 2. Nf3 Nc6 3. Bc4 Nf6 4. d3 Bc5 5. c3 d6 6. a4 a6 7. Nbd2 h6 8. Nf1 0-0 9. Ng3 Be6 10. Bxe6 fxe6 11. Qb3 Qd7 12. 0-0 Rab8 13. Be3 Bxe3 14. fxe3 Kh7 15. d4 b6 16. h3 a5 17. Rf2 Rf7 18. Rd1 Qe8 19. Qb5 exd4 20. exd4 Na7 21. Qxe8 Rxe8 22. e5 dxe5 23. Nxe5 Rff8 24. Rdf1 Nc8 25. Ne4 Nd6 26. Nxf6+ Rxf6 27. Rxf6 gxf6 28. Rxf6 b5 29. axb5 Nxb5 30. Rf7+ Kg8 31. Rf6 Kg7 32. Rf7+ Kg8 33. Rd7 a4 34. c4 Nd6 35. Rxc7 Rb8 36. c5 Nf5 37. Nd7 Rxb2 38. Nf6+ Kf8 39. Ra7 Nxd4 40. Rxa4 e5 41. Ra7 Rc2 42. Nd7+ Ke8 43. Nxe5 Rxc5 44. Nf3 Nxf3+ 45. gxf3 Kf8 46. Kf2 Kg8 47. Kg3 Rc4 48. f4 Rc5 49. Kg4 Rd5 50. h4 h5+ 51. Kf3 Rd3+ 52. Ke4 Rh3 53. f5 Rxh4+ 54. Ke5 Rh1 55. f6 h4 56. Ke6 Re1+ 57. Kf5 h3 58. Kg6 Rg1+ 59. Kf5 h2 60. Ra8+ Kh7 61. Ra7+ Kh6 62. f7 Rf1+ 63. Kg4 h1Q 64. Ra6+ Kg7 65. f8Q+ Kxf8 0-1

[Event "Titled Tuesday intern op 09th Jul Early"]
[Site "Chess.com INT"]
[Date "2024.07.09"]
[Round "3"]
[White "Flynn, Jacob"]
[Black "Droin, Augustin"]
[Result "0-1"]
[WhiteElo "2165"]
[BlackElo "2472"]
[PlyCount "40"]
[EventDate "2024.07.09"]
[EventType "swiss (blitz)"]
[EventRounds "11"]
[EventCountry "USA"]
[SourceTitle "EXT 2025"]
[Source "ChessBase"]
[SourceDate "2024.10.14"]
[SourceVersion "1"]
[SourceVersionDate "2024.10.14"]
[SourceQuality "1"]

1. d4 d5 2. c4 e6 3. Nc3 c6 4. e3 f5 5. Bd3 Bd6 6. Nge2 Nh6 7. b3 0-0 8. Bb2 Nd7 9. 0-0 Bxh2+ 10. Kxh2 Ng4+ 11. Kh3 Qg5 12. g3 Qh6+ 13. Kg2 Qh2+ 14. Kf3 e5 15. Ng1 f4 16. exf4 exf4 17. Ke2 fxg3 18. Nf3 Qg2 19. Ne1 Rxf2+ 20. Rxf2 Qxf2# 0-1

[Event "Titled Tuesday intern op 25th Jun Early"]
[Site "Chess.com INT"]
[Date "2024.06.25"]
[Round "4"]
[White "Droin, Augustin"]
[Black "Karamsetty, Jeevan"]
[Result "0-1"]
[WhiteElo "2480"]
[BlackElo "2244"]
[PlyCount "58"]
[EventDate "2024.06.25"]
[EventType "swiss (blitz)"]
[EventRounds "11"]
[EventCountry "USA"]
[SourceTitle "EXT 2025"]
[Source "ChessBase"]
[SourceDate "2024.10.14"]
[SourceVersion "1"]
[SourceVersionDate "2024.10.14"]
[SourceQuality "1"]

1. e4 e5 2. Nf3 Nc6 3. Bc4 Be7 4. 0-0 Nf6 5. d4 d6 6. dxe5 dxe5 7. Qxd8+ Bxd8 8. Nbd2 0-0 9. c3 Be7 10. a4 Rd8 11. a5 h6 12. h3 a6 13. Re1 Nh5 14. Nb3 Nf4 15. Bxf4 exf4 16. Nbd4 Bd7 17. e5 Nxd4 18. Nxd4 Kf8 19. e6 fxe6 20. Bxe6 Bf6 21. Bxd7 Bxd4 22. Bg4 Bf6 23. Bf3 c6 24. Re4 g5 25. Rb4 Rd7 26. Re1 Re8 27. Rxe8+ Kxe8 28. Bg4 Re7 29. Bd7+ Rxd7 0-1

[Event "Titled Tuesday intern op 25th Jun Late"]
[Site "Chess.com INT"]
[Date "2024.06.25"]
[Round "3"]
[White "Isanzhulov, Arystan"]
[Black "Droin, Augustin"]
[Result "1-0"]
[WhiteElo "2394"]
[BlackElo "2480"]
[PlyCount "67"]
[EventDate "2024.06.25"]
[EventType "swiss (blitz)"]
[EventRounds "11"]
[EventCountry "USA"]
[SourceTitle "EXT 2025"]
[Source "ChessBase"]
[SourceDate "2024.10.14"]
[SourceVersion "1"]
[SourceVersionDate "2024.10.14"]
[SourceQuality "1"]

1. e4 e5 2. Nf3 Nc6 3. Nc3 Nf6 4. g3 Bb4 5. Bg2 Bxc3 6. dxc3 h6 7. Nd2 d6 8. Nc4 Bg4 9. Qd3 Qd7 10. h3 Be6 11. Ne3 Ne7 12. b3 d5 13. exd5 Nexd5 14. c4 Nxe3 15. Qxe3 0-0 16. Bb2 Rfe8 17. Rd1 Qc8 18. g4 Nd7 19. 0-0 c6 20. f4 exf4 21. Qxf4 Qd8 22. Rd6 Qg5 23. Rxe6 fxe6 24. Qf7+ Kh8 25. Qxd7 Rad8 26. Qxb7 Rd2 27. Qxc6 Red8 28. Qe4 Qc5+ 29. Kh1 Rf2 30. Qe5 Rxf1+ 31. Bxf1 Qxe5 32. Bxe5 Rd1 33. Kg1 Rd2 34. Bd3 1-0